000 02984nab a2200265 a 4500
005 20241016063850.0
008 991125c2018 sp fr p o 000 0 spa d
035 _aUPN01000233469
040 _aMX-MxUPN
_bspa
_cMX-MxUPN
_eaacr2
049 _aART-E
100 1 _aDe León Torres, María Soledad
_6- soldeleon@gmail.com
245 1 0 _a“Supuestamente hechizada”: acerca de mujeres, violencia de género y sutilezas de la nota roja en México
_h[recurso electrónico en línea]
506 0 _aAcceso abierto
520 3 _aLa función y las características de la nota roja han sido un problema examinado en el campo de los estudios de la comunicación. Apoyándose en el análisis del discurso y también empleando aspectos teóricos críticos estos especialistas han señalado los rasgos más destacados de la sección policiaca de los diarios, tratando de determinar sus alcances y limitaciones en tanto “género periodístico”. En este trabajo proponemos examinar un grupo de notas periodísticas que refieren al abuso sexual cometido en contra de niñas y mujeres; particularmente se trata de notas que sugieren una relación de causalidad entre creencias acerca de la brujería y los abusos sexuales. Tomando en cuenta los contenidos y ciertos recursos retóricos empleados en estas notas nos interesa enfatizar aquí la importancia de abordar estos discursos mediáticos, desde una perspectiva de género y feminista. Con base en una mirada crítica al periodismo sensacionalista y la sección policiaca, mediante este estudio de caso queremos reflexionar sobre el modo como ciertos estereotipos de género, son evocados y refrendados en las notas que refieren al abuso sexual. Con este análisis del modo como se representa la violencia sexual, se busca contribuir al debate sobre el papel que ciertos discursos mediáticos pueden desempeñar en la reproducción de ideologías que legitiman y naturalizan la violencia contra las mujeres. Para la antropología feminista la reflexión en torno a los estereotipos de género es un problema relevante. Comprender y diseccionar los aspectos ideológicos que justifican la misoginia y que toleran la violencia de género es fundamental para un proyecto de transformación encaminado a la equidad de género. Por otra parte, en los estudios de comunicación actualmente se desarrollan estudios que cuestionan puntualmente las representaciones que se hacen de las mujeres en los medios masivos de...
650 4 _aIdeología
_96793
650 4 _aGénero
_95712
653 0 _aViolencia sexual
653 0 _aDiscurso mediático
773 _g Vol. 3, no. 1 (2018), p. 126-146
_tFemeris : revista multidisciplinaria de estudios de género
_x2530-2442
856 4 0 _uhttps://e-revistas.uc3m.es/index.php/FEMERIS/article/view/4078/2629
856 4 0 _uhttps://doi.org/10.20318/femeris.2018.4078
_zConsultar articulo completo
902 _aGloriaJiménez/031122
_bGloriaJiménez/031122
905 _aArticulo
942 _cART-E
999 _c205564
_d205564